Robotizované laserové pracoviská v automobilovom priemysle

Saved in:
Bibliographic Details
Main Author: Ambruš, Adam (Author)
Other Authors: Kovačócy, Pavel (Thesis advisor)
Format: Manuscript Book
Language:Slovak
Published: 2015
Subjects:
Online Access:http://is.stuba.sk/zp/portal_zp.pl?podrobnosti=96214
Tags: Add Tag
No Tags, Be the first to tag this record!

MARC

LEADER 00000ntm a22000003a 4500
001 stuzp50727
003 SK-STU
005 20160719153638.9
007 ta
008 150427s2015----xo-----f-mn---000-0-slo-d
040 |a STU  |b slo 
041 0 |a slo 
100 1 |a Ambruš, Adam  |u 063000  |4 aut  |U MTF Materiálovotechnologická fakulta  |T MTF Ústav výrobných technológií  |X 46857  |U M3000  |Y 83  |7 46857 
242 0 1 |a Robotized Laser Working in Automotive Industry  |y eng 
245 1 0 |a Robotizované laserové pracoviská v automobilovom priemysle 
260 |c 2015 
650 4 |a robot  |2 slo 
650 4 |a laserové zváranie  |2 slo 
650 4 |a automobilový priemysel  |2 slo 
650 4 |a laserový lúč  |2 slo 
650 4 |a laser beam  |2 eng 
650 4 |a robot  |2 eng 
650 4 |a automotive industry  |2 eng 
650 4 |a laser welding  |2 eng 
700 1 |a Kovačócy, Pavel  |4 ths  |X 4171  |7 A000004171 
856 4 |u http://is.stuba.sk/zp/portal_zp.pl?podrobnosti=96214 
996 |c M* BP-7041  |l MMSKP  |s P  |a 0  |w stuzp50727_0001 
SQL |a stuzp50727  |b DBP  |c SLO  |d Robotizované laserové pracoviská v automobilovom priemysle  |e 46857  |f Ambruš, Adam  |g 063000  |h 4171  |i Kovačócy, Pavel  |j 20150622  |k 178  |l 06  |m http://is.stuba.sk/zp/portal_zp.pl?podrobnosti=96214  |n B-VTE  |o 5.2.51. výrobné technológie